|
|
|
|
| LEADER |
00000nam0a2200000 4500 |
| 001 |
30334 |
| 005 |
20231030203856.0 |
| 010 |
|
|
|a 5733101903
|
| 035 |
|
|
|a (RuTPU)RU\TPU\book\30604
|
| 035 |
|
|
|a BOOK00000132
|
| 090 |
|
|
|a 30334
|
| 100 |
|
|
|a 20011209d2000 u y0rusy50 ca
|
| 101 |
0 |
|
|a rus
|
| 102 |
|
|
|a RU
|
| 105 |
|
|
|a 001|y
|
| 200 |
1 |
|
|a Советская цензура в эпоху тотального террора
|e 1929-1953
|f А. В. Блюм
|
| 210 |
|
|
|a СПб.
|c Академический проект
|d 2000
|
| 215 |
|
|
|a 313 с.
|
| 320 |
|
|
|a Имен. указ.: с. 304-312.
|
| 610 |
1 |
|
|a культура
|
| 610 |
1 |
|
|a СССР
|
| 610 |
1 |
|
|a 20 век
|
| 610 |
1 |
|
|a цензура
|
| 610 |
1 |
|
|a тоталитаризм
|
| 610 |
1 |
|
|a литература
|
| 610 |
1 |
|
|a издательское дело
|
| 610 |
1 |
|
|a библиотечное дело
|
| 686 |
|
|
|a Ч111.166
|v LBC/SL-A
|2 rubbk
|
| 700 |
|
1 |
|a Блюм
|g Арлен Викторович
|
| 801 |
|
0 |
|a RU
|b 63413507
|c 20011209
|g PSBO
|
| 801 |
|
2 |
|a RU
|b 63413507
|c 20120731
|g PSBO
|
| 900 |
|
|
|a История отечественных средств массовой информации
|
| 942 |
|
|
|c BK
|